000 00704nam a2200205Ia 4500
005 20241216011213.0
008 190429s9999||||xx |||||||||||||| ||und||
082 _a553.622
_bM36
100 _aMEDINA JANAMPA HUGO
245 0 _aESTUDIO GEOTECNICO AMBIENTAL DE ESTABILIZACION DE TALUDES EN LA PRESA DE RELAVES LA ESPERANZA DE LA MINA SAN VICENTE
_bCon CD
250 _a0
260 _aCERRO DE PASCO-PERU
_bUNDAC
_c2013
300 _a134 pag.
_c30 cm.
341 _h0
490 _v0
_a0
505 _aPROBLEMA DE INVESTIGACION, MARCO TEORICO, METODOLOGIA Y TECNICAS DE INVESTIGACION, RESULTADOS Y DISCUSION
541 _aD
_bMEDINA JANAMPA,HUGO
_d18-Aug-16
_oSoles
650 _a6GSA
942 _cTESIS
999 _c35474
_d35474